Normal view MARC view
  • Akhtar, Muhammad Waseem

Entry Personal Name

Number of records used in: 1

001 - CONTROL NUMBER

  • control field: 124806

003 - CONTROL NUMBER IDENTIFIER

  • control field: NUST

005 - DATE AND TIME OF LATEST TRANSACTION

  • control field: 20240726110433.0

008 - FIXED-LENGTH DATA ELEMENTS

  • fixed length control field: 240726|| aca||aabn | a|a d

040 ## - CATALOGING SOURCE

  • Original cataloging agency: NUST
  • Transcribing agency: NUST

100 ## - HEADING--PERSONAL NAME

  • Personal name: Akhtar, Muhammad Waseem

670 ## - SOURCE DATA FOUND

  • Source citation: Work cat.: (NUST): Akhtar, Muhammad Waseem, Signal Processing Design and Performance Enhancement Techniques for Non-Orthogonal Multiple Access (NOMA)/
© 2023 Central Library, National University of Sciences and Technology. All Rights Reserved.